000 00770nam a2200229Ia 4500
003 GCL
008 140319s9999 xx 000 0 ara d
040 _aGCL /
_cGCL
082 0 4 _a659.28
_bم م
100 1 _aمحمد منير حجاب
245 1 0 _aالمداخل الاساسية للعلاقات العامة المدخل الاتصالى /
_cمحمد منير حجاب
700 1 _aسحر محمد وهبى
260 _a[S.N] :
_bدار الفجر للنشر والتوزيع
300 _a264 ص
490 _aسلسلة دراسات وبحوث اعلامية
_v0
650 0 4 _aالعلاقات العامة
650 0 4 _aالاعلام
650 0 4 _aالدعاية
650 0 4 _aالرأى العام
650 0 4 _aالمنشات
942 _2ddc
_cBK
999 _c34084
_d34084